Arte de vanguardia del Ateneo de Madrid en Cartagena : (Record no. 106801)

MARC details
000 -LEADER
campo de control de longitud fija 01439nam a2200313 i 4500
001 - NÚMERO DE CONTROL
campo de control 106801
003 - IDENTIFICADOR DE NÚMERO DE CONTROL
campo de control ES-MaACL
005 - FECHA Y HORA DE LA ÚLTIMA TRANSACCIÓN
campo de control 20250622051426.0
008 - DATOS DE LONGITUD FIJA--INFORMACIÓN GENERAL
campo de control de longitud fija 061227s1989 sp ||||1| spa d
080 ## - NÚMERO DE LA CLASIFICACIÓN DECIMAL UNIVERSAL
Número de la Clasificación Decimal Universal 061.21(464.1)Ateneo
080 ## - NÚMERO DE LA CLASIFICACIÓN DECIMAL UNIVERSAL
Número de la Clasificación Decimal Universal 7.036(460)(083.824)
245 00 - MENCIÓN DEL TÍTULO
Título Arte de vanguardia del Ateneo de Madrid en Cartagena :
Resto del título [exposición] del 20 de marzo al 15 de abril de 1989.
260 ## - PUBLICACIÓN, DISTRIBUCIÓN, ETC.
Lugar de publicación, distribución, etc. Cartagena :
Nombre del editor, distribuidor, etc. Ayuntamiento de Cartagena, Concejalía de Cultura,
Fecha de publicación, distribución, etc. 1989.
300 ## - DESCRIPCIÓN FÍSICA
Extensión [60] p. :
Otras características físicas principalmente il. col. ;
Dimensiones 21 cm.
585 ## - NOTA DE EXPOSICIONES
Nota de exposiciones Exposición organizada por la Sección de Artes Plásticas del Ateneo de Madrid, en la Sala Municipal de Exposiciones Muralla Bizantina (Cartagena)
610 24 - PUNTO DE ACCESO ADICIONAL DE MATERIA--NOMBRE DE ENTIDAD CORPORATIVA
Nombre de entidad corporativa o nombre de jurisdicción como elemento de entrada Ateneo de Madrid-
Subdivisión general Colecciones de arte.
9 (RLIN) 1905
610 24 - PUNTO DE ACCESO ADICIONAL DE MATERIA--NOMBRE DE ENTIDAD CORPORATIVA
Nombre de entidad corporativa o nombre de jurisdicción como elemento de entrada Ateneo de Madrid-
Subdivisión de forma Exposiciones-
Subdivisión cronológica 1980-1990
9 (RLIN) 1922
650 #4 - PUNTO DE ACCESO ADICIONAL DE MATERIA--TÉRMINO DE MATERIA
Término de materia o nombre geográfico como elemento de entrada Arte español-
Subdivisión cronológica S.XX-
Subdivisión de forma Exposiciones.
9 (RLIN) 10206
655 #7 - TERMINO DE INDIZACIÓN--GENERO/FORMA
Fuente del término tgfbne
9 (RLIN) 193628
Datos o término principal de género/forma Catálogos de exposiciones
710 2# - ENTRADA AGREGADA--NOMBRE DE ENTIDAD CORPORATIVA
Nombre de entidad corporativa o nombre de jurisdicción como elemento de entrada Ateneo de Madrid.
Unidad subordinada Sección de Artes Plásticas.
9 (RLIN) 1970
710 1# - ENTRADA AGREGADA--NOMBRE DE ENTIDAD CORPORATIVA
Nombre de entidad corporativa o nombre de jurisdicción como elemento de entrada Cartagena.
Unidad subordinada Ayuntamiento.
9 (RLIN) 2452
852 4# - LOCALIZACIÓN
Ubicación ES-MaACL
Número de control de estantería 2211-F-44
itemnumber 110858
Ubicación en estantería Depósito folletos
852 4# - LOCALIZACIÓN
Ubicación ES-MaACL
Número de control de estantería 2209-F-51
Ubicación en estantería Depósito folletos
itemnumber 110857
852 4# - LOCALIZACIÓN
Ubicación ES-MaACL
Número de control de estantería N-8871
Sublocalización o colección R.153528
Ubicación en estantería Depósito J
Donativo/Legado Donación: Editorial
Encuadernación Rústica con solapas
852 4# - LOCALIZACIÓN
Ubicación ES-MaACL
Número de control de estantería 2209-F-51.
942 ## - ELEMENTOS DE ENTRADA SECUNDARIOS (KOHA)
Fuente del sistema de clasificación o colocación Clasificación decimal universal
Tipo de ítem Koha Folleto
Holdings
Estatus retirado Estado de pérdida Fuente del sistema de clasificación o colocación Estado de daño No para préstamo Colección Biblioteca de origen Biblioteca actual Ubicación en estantería Fecha de adquisición Total de préstamos Signatura topográfica completa Código de barras Visto por última vez Precio de reemplazo Tipo de ítem Koha Fuente de adquisición
    Clasificación decimal universal     Colección de folletos Biblioteca del Ateneo de Madrid Biblioteca del Ateneo de Madrid Depósito folletos 17/01/2008   2209-F-51 1111480 23/02/2023 23/02/2023 Folleto  
    Clasificación decimal universal     Colección de folletos Biblioteca del Ateneo de Madrid Biblioteca del Ateneo de Madrid Depósito folletos 17/01/2008   2211-F-44 1111479 23/02/2023 23/02/2023 Folleto  
    Clasificación decimal universal     Fondo Ateneo de Madrid Biblioteca del Ateneo de Madrid Biblioteca del Ateneo de Madrid Depósito J 27/03/2023   N-8871 101228885 03/05/2024 03/05/2024 Libro impreso Donación